[Event "N3_Gr_12"]
[Site "?"]
[Date "2004.03.14"]
[Round "7.8"]
[White "Lanoe, Brendan"]
[Black "Poncet, Martine"]
[Result "1-0"]
[WhiteElo "1870"]
[BlackElo "1440"]
[PlyCount "115"]
[EventDate "2004.??.??"]

1. e4 e5 2. Nf3 Nc6 3. Bb5 Nf6 4. O-O Bd6 5. Re1 O-O 6. d4 a6 7. Bxc6 dxc6 8.
dxe5 Bxe5 9. Qxd8 Rxd8 10. Nxe5 Nxe4 11. Nd3 Nd6 12. Nc3 Be6 13. Bf4 Ne8 14.
Nc5 Bf5 15. N5e4 Bg6 16. Rad1 Kf8 17. f3 f5 18. Ng5 Rxd1 19. Rxd1 Rc8 20. Rd7
b5 21. Kf2 Nf6 22. Rxc7 Rxc7 23. Ne6+ Ke7 24. Nxc7 a5 25. Ne2 Kd7 26. Ke3 Bf7
27. a3 g6 28. Be5 Ng8 29. f4 Ne7 30. Nc1 Nc8 31. Na6 Nb6 32. b3 Kc8 33. Nc5
Nd5+ 34. Kd4 Ne7 35. g3 Nd5 36. Ne2 Nb6 37. Kd3 Bd5 38. Nc3 Bf7 39. Bd6 Bg8 40.
Kd4 Nd7 41. Nxd7 Kxd7 42. Ke5 h5 43. Bc5 Bf7 44. Kf6 Ke8 45. h4 Bg8 46. Kxg6
Bf7+ 47. Kxf5 Kd7 48. Kf6 Be8 49. f5 Kd8 50. Kg7 Bd7 51. f6 Be6 52. f7 Bxf7 53.
Kxf7 Kd7 54. b4 a4 55. Ne4 Kc7 56. g4 hxg4 57. h5 g3 58. Nxg3 1-0

[Event "N3_Gr_12"]
[Site "?"]
[Date "2004.03.14"]
[Round "7.1"]
[White "Miellet-Bensan, Yves"]
[Black "Girardon, Jerome"]
[Result "1/2-1/2"]
[WhiteElo "2139"]
[BlackElo "2180"]
[PlyCount "135"]
[EventDate "2004.??.??"]

1. e4 c6 2. d4 g6 3. Bd3 d6 4. Nf3 Bg7 5. h3 Nd7 6. O-O e5 7. dxe5 Nxe5 8. Nxe5
dxe5 9. Qe2 Nf6 10. Bc4 O-O 11. Nc3 Re8 12. a4 Nd7 13. Qf3 Qe7 14. Be3 Nf8 15.
Bc5 Qf6 16. Qxf6 Bxf6 17. Bxf8 Kxf8 18. Rfd1 Rd8 19. Kf1 Bd7 20. Rd3 Be8 21.
Rad1 Rxd3 22. Rxd3 Be7 23. Ne2 Bc5 24. Nc1 Ke7 25. Ke2 b6 26. c3 a6 27. Rd2 f6
28. Ba2 Bd7 29. Nd3 Bd6 30. Ne1 b5 31. Bb3 Rb8 32. axb5 axb5 33. Rd1 b4 34. c4
Bc5 35. Nc2 h5 36. Ra1 f5 37. f3 fxe4 38. fxe4 Rf8 39. Rf1 Ra8 40. Ra1 Rf8 41.
Rf1 Rxf1 42. Kxf1 Be6 43. Ke2 Kf6 44. Kf3 Ke7 45. Ba2 g5 46. Ne3 Bd4 47. Nf5+
Kf6 48. g4 hxg4+ 49. hxg4 Bxb2 50. Bb3 Bd4 51. Ba2 Kf7 52. Bb3 Bc5 53. Ba2 Bf8
54. Ke3 Ke8 55. Bb3 Kd7 56. Kd3 Kc7 57. Ba2 Bc5 58. Bb3 Kb6 59. Kc2 Ka5 60. Kd3
Bd7 61. Kc2 Bf2 62. Kd3 Kb6 63. Ke2 Bd4 64. Kd3 Kc5 65. Ke2 Be6 66. Kd3 Bg1 67.
Nh6 Bc8 68. Nf5 1/2-1/2

[Event "N3_Gr_12"]
[Site "?"]
[Date "2004.03.14"]
[Round "7.2"]
[White "Lauferon, Patrick"]
[Black "Amato, Roger"]
[Result "1/2-1/2"]
[WhiteElo "2195"]
[BlackElo "2225"]
[PlyCount "39"]
[EventDate "2004.??.??"]

1. d4 Nf6 2. c4 g6 3. Nc3 Bg7 4. e4 d6 5. f3 Nc6 6. Be3 a6 7. Qd2 Rb8 8. Bd3 e5
9. d5 Nd4 10. Nge2 Nd7 11. O-O c5 12. dxc6 bxc6 13. Rac1 O-O 14. Bb1 Nb6 15. b3
d5 16. exd5 cxd5 17. cxd5 Nxd5 18. Nxd5 Qxd5 19. Be4 Qb5 20. Nxd4 1/2-1/2

[Event "N3_Gr_12"]
[Site "?"]
[Date "2004.03.14"]
[Round "7.3"]
[White "Badoual, Patrice"]
[Black "Bouchot, Frederic"]
[Result "1/2-1/2"]
[WhiteElo "2070"]
[BlackElo "2170"]
[PlyCount "82"]
[EventDate "2004.??.??"]

1. d4 Nc6 2. e4 d5 3. e5 Bf5 4. Ne2 e6 5. Ng3 Bg6 6. c3 Qd7 7. Nd2 Nge7 8. Be2
Nf5 9. Nxf5 Bxf5 10. h4 h6 11. b4 a5 12. b5 Na7 13. a4 Be7 14. Nb3 b6 15. Be3
O-O 16. g4 Be4 17. f3 Bh7 18. g5 h5 19. Rg1 Bf5 20. Ra2 g6 21. f4 Kg7 22. Kf2
c6 23. bxc6 Qxc6 24. Qd2 Rfc8 25. Rc1 Qb7 26. Qb2 Rc7 27. Nd2 Rac8 28. Nf1 Rc4
29. Ng3 Bg4 30. Bd3 Qc6 31. Bxc4 dxc4 32. Kg1 Rb8 33. Qf2 Qd5 34. Rb1 Bd8 35.
Kh2 Bc7 36. Bd2 Bd8 37. Qe3 Bc7 38. Rab2 Qd7 39. Ra2 Qd5 40. Rab2 Qc6 41. Ra2
Qd5 1/2-1/2

[Event "N3_Gr_12"]
[Site "?"]
[Date "2004.03.14"]
[Round "7.4"]
[White "Gallini, Patrice"]
[Black "Esteveny, Yann"]
[Result "1/2-1/2"]
[WhiteElo "2049"]
[BlackElo "1970"]
[PlyCount "70"]
[EventDate "2004.??.??"]

1. d4 Nf6 2. Nc3 d5 3. Bg5 Nbd7 4. f3 c5 5. e4 cxd4 6. Qxd4 e5 7. Qd2 Be7 8.
exd5 Nxd5 9. Bxe7 Nxe7 10. Nh3 O-O 11. Nf2 Nf6 12. Qxd8 Rxd8 13. Bc4 Rd4 14.
Rd1 Nc6 15. Bb5 Nb4 16. Ba4 Bf5 17. Rxd4 exd4 18. Nce4 Nxe4 19. fxe4 Be6 20. a3
Nc6 21. Nd3 Re8 22. Kd2 a6 23. Bxc6 bxc6 24. Nc5 Bc4 25. b3 Be6 26. Kd3 f5 27.
Nxe6 fxe4+ 28. Kxd4 Rxe6 29. Re1 Rd6+ 30. Ke3 Rg6 31. Re2 Kf7 32. Kd4 Rd6+ 33.
Kxe4 Kg6 34. Rf2 h5 35. Ke3 Kg5 1/2-1/2

[Event "N3_Gr_12"]
[Site "?"]
[Date "2004.03.14"]
[Round "7.5"]
[White "Crapis, Frederic"]
[Black "Jallerat, Denis"]
[Result "1-0"]
[WhiteElo "2026"]
[BlackElo "1980"]
[PlyCount "126"]
[EventDate "2004.??.??"]

1. d4 Nf6 2. c4 e6 3. g3 d5 4. Bg2 Nbd7 5. Nf3 Be7 6. O-O O-O 7. cxd5 exd5 8.
Nc3 c6 9. Bg5 Re8 10. Qc2 h6 11. Bf4 Nf8 12. Rad1 Ng6 13. Bc1 Bd6 14. Rfe1 Bg4
15. h3 Bd7 16. Nd2 Qc8 17. e4 dxe4 18. Ndxe4 Nxe4 19. Bxe4 Ne7 20. Bg2 Bxh3 21.
Ne4 Bf5 22. Nxd6 Bxc2 23. Nxc8 Raxc8 24. Rd2 Bf5 25. Rde2 Be6 26. b3 Red8 27.
Bh3 Rxd4 28. Rxe6 fxe6 29. Bxe6+ Kf8 30. Bxc8 Nxc8 31. Ba3+ Kf7 32. Re3 Rd2 33.
Rf3+ Ke6 34. Bf8 Rxa2 35. Bxg7 h5 36. Rf6+ Ke7 37. Rf5 Rc2 38. Rxh5 Rc1+ 39.
Kg2 Rb1 40. Rh8 Nb6 41. Rb8 Rxb3 42. Rxb7+ Ke6 43. Rxa7 Kd5 44. g4 c5 45. g5 c4
46. g6 c3 47. Bh6 Nc4 48. g7 Rb8 49. Rd7+ Ke6 50. Rd3 Ne5 51. Rxc3 Nf7 52. Bc1
Rg8 53. Rg3 Nd8 54. Bb2 Kf7 55. Rf3+ Ke8 56. Ra3 Ne6 57. Ra7 Nc5 58. f4 Nd7 59.
Kg3 Ke7 60. Kg4 Ke6 61. f5+ Kd6 62. Kg5 Ne5 63. Bxe5+ Kxe5 1-0

[Event "N3_Gr_12"]
[Site "?"]
[Date "2004.03.14"]
[Round "7.6"]
[White "Perisse, Loic"]
[Black "Gerest, Yves"]
[Result "1-0"]
[WhiteElo "2030"]
[BlackElo "1840"]
[PlyCount "77"]
[EventDate "2004.??.??"]

1. d4 e6 2. e4 b6 3. Nf3 Bb7 4. Bd3 d5 5. e5 c5 6. c3 Nc6 7. O-O Qc7 8. Re1 g6
9. h4 Nh6 10. Be3 Nf5 11. g4 Nxe3 12. Rxe3 Bg7 13. Nbd2 O-O 14. Nf1 Rae8 15. g5
Ne7 16. Ng3 Nf5 17. Nxf5 exf5 18. Ne1 Qd7 19. Ng2 h6 20. Qd2 Qa4 21. Bc2 Qc6
22. Rae1 Re7 23. R3e2 Kh7 24. Nf4 Rfe8 25. Bb3 c4 26. Bd1 Bc8 27. Re3 Be6 28.
Rg3 Rb7 29. h5 hxg5 30. hxg6+ fxg6 31. Rh3+ Kg8 32. Nxe6 Qxe6 33. Qxg5 Kf7 34.
Kg2 Rh8 35. Reh1 Rxh3 36. Rxh3 Rb8 37. Bf3 Rh8 38. Rxh8 Bxh8 39. Qd8 1-0

[Event "N3_Gr_12"]
[Site "?"]
[Date "2004.03.14"]
[Round "7.7"]
[White "Colombi-Gamrat, Marie-Pierre"]
[Black "Gauer, Jacques"]
[Result "1-0"]
[WhiteElo "1850"]
[BlackElo "2066"]
[PlyCount "70"]
[EventDate "2004.??.??"]

1. d4 Nf6 2. Nf3 c5 3. dxc5 e6 4. g3 Bxc5 5. Bg2 d5 6. O-O O-O 7. a3 a6 8. b4
Ba7 9. Bb2 Nbd7 10. Nbd2 b5 11. Nb3 Nb6 12. Bd4 Ne4 13. Ne5 Bd7 14. Bxe4 dxe4
15. Bxb6 Bxb6 16. Qxd7 Qf6 17. Nc6 h5 18. Kg2 h4 19. Nc5 Rfe8 20. Qb7 Bxc5 21.
bxc5 Rac8 22. Rad1 h3+ 23. Kxh3 Qf5+ 24. Kg2 Qxc5 25. Nd4 Qxa3 26. Qxe4 Rc4 27.
Qb7 Re7 28. Qa8+ Kh7 29. Nxb5 Qc5 30. Qxa6 Rxc2 31. Nd4 Rc3 32. Qa8 Ra7 33.
Qe4+ g6 34. Qh4+ Kg7 35. f3 Rc4 1-0

[Event "N3_Gr_12"]
[Site "?"]
[Date "2004.03.14"]
[Round "7.8"]
[White "Romieu, Flore"]
[Black "Agrusti, Gaetan"]
[Result "1-0"]
[WhiteElo "1976"]
[BlackElo "1660"]
[PlyCount "79"]
[EventDate "2004.??.??"]

1. e4 c5 2. c3 d5 3. exd5 Qxd5 4. Nf3 Nc6 5. d4 Nf6 6. Be2 e6 7. O-O Be7 8. Be3
Ng4 9. Bf4 b6 10. c4 Qd8 11. d5 Nb4 12. h3 e5 13. Nxe5 Nxe5 14. Bxe5 Bf6 15.
Bxf6 Qxf6 16. Nc3 Bf5 17. Bg4 O-O 18. Rc1 Nd3 19. Bxf5 Qxf5 20. Qc2 Qg6 21.
Rcd1 Nf4 22. Qxg6 Nxg6 23. Rfe1 Rfe8 24. Nb5 Rxe1+ 25. Rxe1 a6 26. Nc7 Rd8 27.
Re8+ Rxe8 28. Nxe8 Ne5 29. b3 b5 30. Nd6 bxc4 31. Nxc4 Nd7 32. f4 f6 33. Kf2
Kf8 34. Ke3 Ke8 35. Ke4 Ke7 36. f5 Nb8 37. d6+ Kd7 38. Kd5 Nc6 39. Nb6+ Kd8 40.
Kxc6 1-0

[Event "N3_Gr_12"]
[Site "?"]
[Date "2004.03.14"]
[Round "7.9"]
[White "Sellami, Faycal"]
[Black "Romieu, Jean-Louis"]
[Result "0-1"]
[WhiteElo "1499"]
[BlackElo "1974"]
[PlyCount "52"]
[EventDate "2004.??.??"]

1. e4 c5 2. Nf3 e6 3. d4 cxd4 4. Nxd4 a6 5. Nc3 b5 6. a3 Bb7 7. Be2 Qc7 8. Nf3
Nc6 9. Bd3 Nf6 10. h3 Be7 11. Be3 O-O 12. O-O Rfd8 13. Re1 Ne5 14. Bf4 Nxf3+
15. Qxf3 e5 16. Bg5 d6 17. Nd5 Nxd5 18. Bxe7 Nxe7 19. c3 Ng6 20. Qg3 Qe7 21. f3
Rac8 22. Rac1 d5 23. exd5 Rxd5 24. Be4 Rd2 25. Bxg6 Qc5+ 26. Kh1 hxg6 0-1

[Event "N3_Gr_12"]
[Site "?"]
[Date "2004.03.14"]
[Round "7.1"]
[White "Cau, Benjamin"]
[Black "Cursoux, Laurent"]
[Result "1-0"]
[WhiteElo "2133"]
[BlackElo "2221"]
[PlyCount "119"]
[EventDate "2004.??.??"]

1. e4 c5 2. Nf3 d6 3. g3 Nc6 4. Bg2 Nf6 5. Nc3 g6 6. d3 Bg7 7. Bg5 h6 8. Be3
Ng4 9. Bd2 O-O 10. O-O Rb8 11. h3 Nge5 12. Nxe5 Nxe5 13. Be3 Kh7 14. Ne2 b5 15.
c3 b4 16. f4 Nc6 17. Qd2 bxc3 18. bxc3 Qb6 19. Rad1 Ba6 20. g4 Qb2 21. e5 Qxd2
22. Rxd2 Rb6 23. exd6 exd6 24. f5 Re8 25. fxg6+ fxg6 26. Bf4 Rxe2 27. Rxe2 Bxd3
28. Re6 Bxf1 29. Kxf1 Be5 30. Bxc6 Bxf4 31. Be4 Kg7 32. Rxg6+ Kf7 33. Ke2 Ra6
34. Kf3 Be5 35. Rxh6 Ra3 36. g5 Kf8 37. h4 Rxc3+ 38. Kg4 Rc1 39. Rh7 Rf1 40.
Bd5 c4 41. h5 Rf4+ 42. Kh3 Rd4 43. Be6 d5 44. h6 Rd3+ 45. Kg4 c3 46. g6 Rg3+
47. Kf5 c2 48. g7+ Rxg7 49. Rh8+ Ke7 50. hxg7 c1=Q 51. Re8+ Kd6 52. Rd8+ Kc6
53. Rc8+ Bc7 54. g8=Q Qf4+ 55. Kg6 Kb6 56. Qf7 Qg3+ 57. Kh7 Be5 58. Qg6 Qh2+
59. Kg8 Kb7 60. Qh7+ 1-0

[Event "N3_Gr_12"]
[Site "?"]
[Date "2004.03.14"]
[Round "7.2"]
[White "Ballo, Michel"]
[Black "Savoya, Alexandre"]
[Result "1/2-1/2"]
[WhiteElo "2106"]
[BlackElo "2049"]
[PlyCount "65"]
[EventDate "2004.??.??"]

1. d4 e6 2. c4 f5 3. g3 c6 4. Bg2 d5 5. Nf3 Nf6 6. O-O Bd6 7. b3 Qe7 8. Bb2 O-O
9. Nc3 b6 10. Qc2 Ne4 11. e3 Bb7 12. Rad1 Nd7 13. Ne2 a5 14. Nc1 a4 15. Nd3
axb3 16. axb3 dxc4 17. bxc4 b5 18. Ra1 bxc4 19. Qxc4 c5 20. dxc5 Ndxc5 21. Nxc5
Bxc5 22. Rfd1 Bd5 23. Qe2 Qb7 24. Be5 Rxa1 25. Rxa1 Qb3 26. Nd4 Bxd4 27. Bxd4
Rc8 28. Qb2 Qxb2 29. Bxb2 Rc2 30. Bxe4 Bxe4 31. Ba3 Rc3 32. Bb4 Rb3 33. Be1
1/2-1/2

[Event "N3_Gr_12"]
[Site "?"]
[Date "2004.03.14"]
[Round "7.3"]
[White "Burdet, Francois"]
[Black "Zouaoui, Hamide"]
[Result "1-0"]
[WhiteElo "2013"]
[BlackElo "2050"]
[PlyCount "145"]
[EventDate "2004.??.??"]

1. e4 d5 2. exd5 Nf6 3. Nc3 Nxd5 4. Bc4 Nb6 5. Bb3 Nc6 6. Nf3 Bf5 7. a4 a5 8.
d3 e6 9. Bf4 Bd6 10. Bg3 Bxg3 11. hxg3 Bg4 12. Nb5 Rc8 13. Qe2 Qf6 14. d4 O-O
15. c3 e5 16. Qe4 Bf5 17. Qh4 Qg6 18. O-O-O exd4 19. Nbxd4 Nxd4 20. Rxd4 h6 21.
Ne5 Qf6 22. Qxf6 gxf6 23. Ng4 Kg7 24. Nxh6 Bg6 25. Rg4 f5 26. Nxf5+ Kf6 27. Nh4
Bd3 28. Rf4+ Kg7 29. Rd1 Rcd8 30. Rf3 Bc4 31. Nf5+ Kg6 32. Ne7+ Kg7 33. Rxd8
Rxd8 34. Bxc4 Nxc4 35. Rf4 Nd6 36. Rd4 Rh8 37. Nd5 Ne8 38. Rh4 Rf8 39. Rg4+ Kh6
40. Ne3 Nd6 41. Nc4 Nf5 42. Nxa5 b6 43. Nc6 Kh5 44. Rf4 Kg5 45. Ne5 Nd6 46. Kd2
f6 47. Nf3+ Kg6 48. Nh4+ Kg5 49. Kd3 Re8 50. Nf3+ Kg6 51. Nd4 Nf7 52. Rg4+ Kh5
53. Rh4+ Kg6 54. f4 Re1 55. f5+ Kg7 56. Ne6+ Kg8 57. Kd2 Rg1 58. Rg4+ Kh8 59.
Nxc7 Rxg2+ 60. Kc1 Ne5 61. Rd4 Kg7 62. Na8 Rxg3 63. Nxb6 Rf3 64. a5 Rxf5 65. a6
Rf1+ 66. Kc2 Ra1 67. Ra4 Rxa4 68. Nxa4 Nc6 69. b4 Na7 70. c4 Kf7 71. b5 Ke7 72.
b6 Nc6 73. a7 1-0

[Event "N3_Gr_12"]
[Site "?"]
[Date "2004.03.14"]
[Round "7.5"]
[White "Didier, Eric"]
[Black "Barnes, Pierrick"]
[Result "1-0"]
[WhiteElo "1990"]
[BlackElo "1930"]
[PlyCount "107"]
[EventDate "2004.??.??"]

1. e4 e5 2. Nf3 d6 3. Bc4 Be7 4. d4 exd4 5. Nxd4 Nf6 6. Nc3 O-O 7. O-O Nbd7 8.
Nf5 Ne5 9. Nxe7+ Qxe7 10. Be2 Rd8 11. Bg5 c6 12. f4 Ng6 13. Bh5 h6 14. Bxg6
fxg6 15. Bh4 Qc7 16. Qd4 Qb6 17. Qxb6 axb6 18. e5 dxe5 19. fxe5 g5 20. Bxg5
hxg5 21. exf6 g6 22. f7+ Kf8 23. Ne4 g4 24. Ng5 Bf5 25. Rae1 Rd7 26. Re3 Re7
27. Rfe1 Rxe3 28. Rxe3 Bxc2 29. h3 Bf5 30. hxg4 Bxg4 31. Re4 Bf5 32. Rf4 Kg7
33. g4 Bd7 34. Rd4 Rd8 35. Ne6+ Bxe6 36. Rxd8 Kxf7 37. b3 Bxg4 38. Rb8 Kf6 39.
Rxb7 b5 40. Kf2 Be6 41. a4 Bxb3 42. a5 Bd5 43. a6 Ke5 44. a7 c5 45. a8=Q b4 46.
Qe8+ Kd4 47. Rd7 b3 48. Qe3+ Kc4 49. Qc1+ Kd4 50. Qd2+ Kc4 51. Qxd5+ Kc3 52.
Qxc5+ Kb2 53. Rd2+ Kb1 54. Qc3 1-0

[Event "N3_Gr_12"]
[Site "?"]
[Date "2004.03.14"]
[Round "7.6"]
[White "Tiero, Filbert"]
[Black "Zilliox, Claude"]
[Result "1-0"]
[WhiteElo "1910"]
[BlackElo "1970"]
[PlyCount "121"]
[EventDate "2004.??.??"]

1. e4 d5 2. exd5 Nf6 3. Nc3 Nxd5 4. Ne4 Bf5 5. Qf3 Bg6 6. Bc4 e6 7. c3 Nd7 8.
d4 Be7 9. Ng3 c6 10. N1e2 N7f6 11. Bb3 O-O 12. O-O h6 13. a3 Qd7 14. c4 Nb6 15.
Be3 Rfd8 16. Rad1 Qe8 17. a4 Bb4 18. Nf4 Bh7 19. Nfh5 Nxh5 20. Nxh5 Bg6 21. Nf4
Bh7 22. Qg3 Kh8 23. Nd3 Be7 24. Rfe1 Rac8 25. Bf4 Qf8 26. Ne5 c5 27. a5 Nd7 28.
d5 exd5 29. Nxd7 Rxd7 30. Ba4 Rdd8 31. Bc7 Bd6 32. Bxd6 Rxd6 33. Rxd5 Rxd5 34.
cxd5 Rd8 35. a6 bxa6 36. Bc6 Qd6 37. Qa3 Bg8 38. Qxa6 f6 39. Rd1 Qe7 40. Qa5
Bf7 41. h3 f5 42. Qc3 Kh7 43. Qd3 g6 44. d6 Qf6 45. b3 Kg7 46. Bb5 Kf8 47. Kf1
Be6 48. Qe3 Qf7 49. Qxh6+ Kg8 50. Qg5 Rd7 51. Bxd7 Bxd7 52. Qd8+ Kg7 53. Re1
Bb5+ 54. Kg1 Qxb3 55. Re7+ Kh6 56. h4 Qc3 57. Re3 Qa1+ 58. Kh2 Qd4 59. Qg5+ Kg7
60. Re7+ Kf8 61. Qh6+ 1-0

[Event "N3_Gr_12"]
[Site "?"]
[Date "2004.03.14"]
[Round "7.7"]
[White "Dijon, Jean-Michel"]
[Black "Treveys, Maxime"]
[Result "0-1"]
[WhiteElo "1840"]
[BlackElo "1730"]
[PlyCount "88"]
[EventDate "2004.??.??"]

1. e4 c5 2. c3 d6 3. d4 cxd4 4. cxd4 Nf6 5. Nc3 g6 6. Bc4 Bg7 7. Nge2 O-O 8. f3
Nc6 9. Be3 a6 10. a3 b5 11. Ba2 Rb8 12. b4 Nd7 13. Rc1 Bb7 14. g4 Rc8 15. h4 e5
16. d5 Ne7 17. Qd3 f5 18. gxf5 gxf5 19. Bg5 f4 20. Rg1 Kh8 21. Kd2 h6 22. Bxe7
Qxe7 23. Rg6 Rf6 24. Rcg1 Rxg6 25. Rxg6 Nf8 26. Rg4 Rb8 27. h5 Bc8 28. Rg2 Qh4
29. Nd1 Bd7 30. Nf2 Qxh5 31. Nc1 Nh7 32. Nb3 Ng5 33. Ke2 Nh3 34. Ng4 Ng5 35.
Rh2 Qg6 36. Nf2 Rc8 37. Na5 Nh3 38. Bb3 Qg3 39. Rxh3 Bxh3 40. Nc6 Qg2 41. Qd1
Bf6 42. Bc2 Bh4 43. Qe1 Qh2 44. Bd3 Rg8 0-1

[Event "N3_Gr_12"]
[Site "?"]
[Date "2004.03.14"]
[Round "7.8"]
[White "Lafrechoux, Laurent"]
[Black "Boillaud, Jean-Marie"]
[Result "1/2-1/2"]
[WhiteElo "1750"]
[BlackElo "1860"]
[PlyCount "151"]
[EventDate "2004.??.??"]

1. e4 e6 2. f4 c5 3. Nf3 d5 4. Nc3 Nc6 5. Bb5 a6 6. Bxc6+ bxc6 7. d3 Be7 8. O-O
d4 9. Nb1 Nf6 10. Nbd2 a5 11. a4 Ba6 12. Ne5 Qc7 13. Ndc4 O-O 14. Bd2 Bxc4 15.
Nxc4 Rfb8 16. Qe1 Bd8 17. b3 Rb7 18. f5 e5 19. Qg3 Nd7 20. f6 Bxf6 21. Rf5 Kh8
22. Raf1 Rba7 23. Qh3 Re8 24. Rh5 Nf8 25. Rxf6 gxf6 26. Bh6 Ng6 27. Bg7+ Kxg7
28. Rxh7+ Kf8 29. Qh6+ Ke7 30. Qxg6 Rf8 31. Qf5 Qd7 32. Qf2 Qg4 33. Qd2 Rg8 34.
g3 Qf4 35. Qxf4 exf4 36. Kf2 fxg3+ 37. hxg3 Ke6 38. Kf3 Raa8 39. Kg2 Rg5 40.
Rh6 Rag8 41. Rh3 f5 42. exf5+ Rxf5 43. Nxa5 Kd5 44. Nc4 Rfg5 45. Nd2 f5 46. Kf3
Re8 47. Nc4 Re1 48. Rh6 Re6 49. Rh7 Reg6 50. Rd7+ Ke6 51. Rd6+ Ke7 52. Rxg6
Rxg6 53. Ne5 Rf6 54. Kf4 Kd6 55. Nc4+ Ke6 56. Nb6 Rf7 57. Kg5 f4 58. gxf4 Rg7+
59. Kh6 Rg2 60. a5 Rxc2 61. a6 Ra2 62. Na4 Kf6 63. Kh7 Rh2+ 64. Kg8 Rg2+ 65.
Kf8 Rg7 66. Nxc5 Ra7 67. Ke8 Kf5 68. Kd8 Kxf4 69. Kc8 Ke3 70. Kb8 Rxa6 71. Nxa6
Kxd3 72. Kc7 Kc3 73. Nc5 d3 74. Kxc6 d2 75. Ne4+ Kxb3 76. Nxd2+ 1/2-1/2

[Event "N3_Gr_12"]
[Site "?"]
[Date "2004.03.14"]
[Round "7.9"]
[White "Baudin, Sandrine"]
[Black "Cayuela-Mosch, Renate"]
[Result "1-0"]
[WhiteElo "1710"]
[BlackElo "1499"]
[PlyCount "99"]
[EventDate "2004.??.??"]

1. e4 e5 2. Nf3 Nc6 3. Bc4 Nh6 4. d4 exd4 5. Nxd4 Ne5 6. Bb3 Nhg4 7. f4 Qf6 8.
O-O Qh4 9. h3 Qg3 10. Bxf7+ Nxf7 11. Qxg4 Qxg4 12. hxg4 Bc5 13. Be3 d6 14. f5
Ne5 15. c3 Nxg4 16. Bg5 Rf8 17. Nd2 d5 18. Rae1 Kf7 19. e5 Kg8 20. e6 h6 21.
Bh4 b6 22. Bg3 Ba6 23. Rf3 Nf6 24. Bxc7 Bb7 25. N2b3 Ne4 26. Nxc5 bxc5 27. Nb5
d4 28. Rf4 g6 29. cxd4 gxf5 30. dxc5 Rfe8 31. Nd6 Rxe6 32. Nxb7 Rae8 33. Rxf5
R8e7 34. Nd8 Nd6 35. Rxe6 Rxe6 36. Nxe6 Nxf5 37. Be5 Ne7 38. Kf2 Kh7 39. b4 a6
40. a4 h5 41. b5 axb5 42. axb5 Nc8 43. b6 Kg6 44. b7 Kf5 45. bxc8=Q Kxe5 46.
Ng7 h4 47. Ke3 Kf6 48. Qf8+ Kg5 49. Ne6+ Kg4 50. Qf3# 1-0